000 00496cam a2200181 4500
001 4236
005 20181127172928.0
008 971205s1998 nyu 000 1 eng
010 _a 97051148
020 _a0871137119
100 1 _aDesai, Kiran,
_d1971-
245 1 0 _aHullabaloo in the guava orchard /
_cKiran Desai.
250 _a1st American ed.
260 _aNew York :
_bFaber and Faber,
_c1998.
300 _a209 p. ;
_c22 cm.
650 0 _aSadhus
_zIndia
_xFiction.
651 0 _aIndia
_xFiction.
999 _c3486
_d3486